|
|
|
|
| LEADER |
00000nam a22000007a 4500 |
| 005 |
20190910000645.0 |
| 007 |
cr|||| |||| |
| 008 |
190910s2018 br |||||s|||| 00||0 por d |
| 020 |
|
|
|a 978-85-8085-109-0
|
| 035 |
|
|
|a 30215
|
| 040 |
|
|
|a vLex
|
| 090 |
|
|
|c 9447
|d 9447
|
| 100 |
1 |
|
|a de Araujo Lima Filho, Altamiro
|
| 245 |
1 |
0 |
|a Lei maria da penha
|h [Recurso electrn̤ico] /
|c Altamiro de Araujo Lima Filho
|
| 250 |
|
|
|a 2da edicin̤
|
| 256 |
|
|
|a Servicio en ln̕ea
|
| 260 |
|
|
|a San Pablo:
|b Editora Mundo Jurd̕ico,
|c 2018
|
| 300 |
|
|
|a 1 recurso electrn̤ico
|
| 500 |
|
|
|a Sô tempos difc̕eis os que nossa sociedade vivencia na atualidade. Nô sei bem se a criminalidade cresce, ou se apenas se torna mais evidente devido ̉insistn̊cia da md̕ia em notici-̀la, fato ,̌ contudo, que a violn̊cia gravita em torno de nossos dias subtraindo a paz de nossa existn̊cia.
|
| 506 |
1 |
|
|a Disponible solo en los productos indicados
|d vLex Global
|d vLex Global (Academic Edition, excluding Law Schools)
|d vLex Global (U.S. Academic Edition, Law Schools)
|d vLex Global (U.S. Academic Edition, excluding Law Schools)
|d vLex Global (Academic Edition, Law Schools)
|
| 650 |
0 |
4 |
|a Derecho Penal
|z Brasil
|
| 740 |
0 |
|
|a vLex Libros (Servicio en ln̕ea)
|
| 856 |
4 |
0 |
|u http://vlex.com/source/lei-maria-da-penha-2-edi-o-30215
|z Acceso restringido
|
| 942 |
|
|
|c BOOK
|
| 999 |
0 |
|
|a Criminal law
|